000
00297nam a2200109Ia 4500
008
230907s9999||||xx |||||||||||||| ||und||
082
_a
518.028553
_b
LEE
245
0
_a
Programming and engineering computing with MATLAB 2018 /
260
_a
SDC Publications,
_c
2018
300
_a
528 p.
942
_c
BK
999
_c
600624
_d
600624